000 00478nam a2200181Ia 4500
005 20250326140528.0
008 250326s9999 xx 000 0 und d
037 _aTextbook
040 _aFMSL
_beng
_cFMSL
041 _aeng
_2eng
084 _aX65:8 M3
_qFMSL
100 _aBhalla V K
245 0 _aInvestment management
_cBhalla V K
260 _aNew York
_bNew York, . S Chand
_c1983
300 _a389p
942 _cTB
_hX65:8 M3
999 _c1286174
_d1286174